000
00329nam a22001337a 4500
008
250617b |||||||| |||| 00| 0 eng d
020
_a
9780704957
050
_a
P 143
_b
.O 36
245
_a
The Study Of English Language
260
_a
NP
_b
Alliedmiero production
_c
2018
300
_a
226p
650
_a
Linguistics
942
_c
BK
999
_c
3857
_d
3857